| 000 | 00647nam a2200181 4500 | ||
|---|---|---|---|
| 001 | 110191 | ||
| 003 | ES-MaACL | ||
| 005 | 20260113174039.0 | ||
| 007 | t| | ||
| 008 | 061121s1958 sp r ||||1| spa d | ||
| 100 | 1 |
_aOrden Domínguez, Antonio de la. _987177 |
|
| 245 | 1 | 0 |
_aAlgunos problemas de régimen jurídico local en torno a la acción popular / _cAntonio de la Orden Domínguez ; prólogo de Manuel F. Clavero Arévalo. |
| 260 |
_aSevilla : _b[s.n.], _c1958 ( _fImp. Municipal) |
||
| 300 |
_a127 p. ; _c21 cm. |
||
| 700 | 1 |
_aClavero Arévalo, Manuel, _d1926- _939131 |
|
| 852 |
_aES-MaACL _jC-16103 _bR.43268 |
||
| 999 |
_c110191 _d110191 |
||